000
00251nam a2200097Ia 4500
001
683114
005
20250826161431.0
008
250824s9999 xx 000 0 und d
245
0
_a
PAŞALARIN HESAPLAŞMASI
_c
MUSTAFA ARMAĞAN
260
_b
TİMAŞ YAYINLARI
999
_c
683114
_d
683114